00826nam a2200205 a 450000100100000000500170001000800410002702000150006804000130008308200150009610000370011124501380014826001010028630000270038744000390041450000310045304900090048495201120049399900150060500000556420200929151720.0090820s1983 es a 001 spa d a8400055527 aDO-SdBNP axxxbL557l1 aLemosín Martal, Rogelio91572013aEl libro de Ester y el Irán antiguo :bestudio filológico-derásico de vocablos arameoelamitas pers /cRogelio Lemosín Martal. aMadrid, :bConsejo Superior de Investigaciones Científicas, Instituto Francisco Suarez,c1983. a215 p. :bil ;c24 cm. 0aBibliotheca Hispana Biblica915721 aIncluye tabla de contenido aBNPD 001050718MOaPDbPDcCTd2009-08-20iLF1l0oxxx L557lp5564-10r2020-06-25w2020-06-25y1ZNo se presta c5363d5363